Fiber optic sensor technology and applications /

Salvato in:
Dettagli Bibliografici
Ente Autore: Society of Photo-optical Instrumentation Engineers
Altri autori: Culshaw, B., Marcus, Michael A.
Natura: Libro
Lingua:English
Pubblicazione: Bellingham, Washington : SPIE, c1999.
Serie:Proceedings of SPIE--the International Society for Optical Engineering ; v. 3860.
Soggetti:
LEADER 01447cam a2200361 a 4500
001 c000392206
003 CARM
005 20121119114324.0
008 121119s1999 waua b 101 0 eng d
010 |a 00710617 
019 1 |a 21321227  |z 23375811  |5 LACONCORD2021 
020 |a 0819434531 
035 |a (OCoLC)43145293  |5 LACONCORD2021 
040 |a VVUT  |b eng  |c VVUT 
042 |a lccopycat 
050 0 0 |a TA1815  |b .F5268 1999 
245 0 0 |a Fiber optic sensor technology and applications /  |c editors, Michael A. Marcus, Brian Culshaw. 
260 |a Bellingham, Washington :  |b SPIE,  |c c1999. 
300 |a x, 556 p. :  |b ill. ;  |c 28 cm. 
490 1 |a SPIE proceedings series ;  |v v. 3860 
500 |a "20-22 September 1999, Boston, Massachusetts" 
504 |a Includes bibliographical references and index. 
650 0 |a Optical fiber detectors  |v Congresses. 
650 0 |a Fiber optics  |x Congresses. 
700 1 |a Culshaw, B. 
700 1 |a Marcus, Michael A. 
710 2 |a Society of Photo-optical Instrumentation Engineers. 
852 8 |b CARM  |p 0589285  |f BK 
852 8 |b SCAN  |h A3:AG33C0  |i F08345  |p 0589285  |f BK 
830 0 |a Proceedings of SPIE--the International Society for Optical Engineering ;  |v v. 3860. 
999 f f |i bbd637cd-83cf-5741-8692-f9f99a8c953e  |s b504eed8-9772-5188-a93f-5a7f15d4d46a 
952 f f |p Can circulate  |a CAVAL  |b CAVAL  |c CAVAL  |d CARM 1 Store  |i book  |m 0589285 
952 f f |a CAVAL  |b CAVAL  |c CAVAL  |d Unmapped Location  |e F08345  |f A3:AG33C0  |h Other scheme